000 00663nam 22002053 4500
001 198432
010 _a972-2-2176-0
021 _b185185/02
090 _a198432
100 _a20251015d u||y0pory50 ba
200 _aUm Aniversário Diferente
_fDavis Coby Weiss
_gco-autoria de Bobbi J. G. Wqiss
_gtradução de Eduarda Vasconcelos
210 _aLisboa
_cEditorial Verbo
_d2003
215 _a174, [2] p.
_cbrochado
_d20 cm
225 _aSabrina - A bruxa adolescente
_v1
606 _957
_aLiteratura Juvenil Americana
675 _a821.111(73)-93
_vPT
_zpor
700 _914370
_aWeiss
_bDavis J. G.
_f1950-
801 _aPT
_bBMMN
_gRPC
830 _cAna Caetano
990 _cLIVROS